Cesta k pochopeniu

Bibliographic Details
Format: Article
Language:Slovak
PhysicalDescription:Fot. 1.
Subjects:

MARC

LEADER 00000nab a2200000 a 4500
001 vtls000186312
003 SK-MaSNL
005 20260303175632.0
008 140423c1984 xo 0 slo
015 |a SNBRB19rr/mm-uuuuu 
035 |a CL0196425 
040 |a SNKBUCL  |b slo  |c SNKBUCL  |e AACR2 
041 0 |a slo 
044 |a xo  |c SK 
080 |a 82:929:888.2  |2 1981 
080 |a 929  |2 1981 
080 |a 888.2  |2 1981 
080 |a 929 Marcinkevičius, Justinas  |2 1981 
245 0 0 |a Cesta k pochopeniu  |c M.T. 
300 |b Fot. 1. 
600 1 7 |a Marcinkevičius, Justinas,  |d 1930-  |2 snkbucl  |9 1204443 
650 0 7 |a sovietska literatúra  |2 snkbucl  |9 22300 
655 7 |a články z novín a časopisov  |2 snkbucl  |9 267496 
655 7 |a články z odboru literárna veda a krásna literatúra  |2 snkbucl  |9 770045 
773 0 |t Revue svetovej literatúry  |g Roč. 20, č. 4 (1984), s. 89 
850 |a Slovenská národná knižnica v Martine  |a MTA001 
852 |a SNK  |b KIS3GCP 
958 |a RK 
958 |a LX 
999 |c 2102721  |d 2104651